[Event "Mittelrhein Verbandsliga-W 17/18"]
[Site "Nordrheinwestfalen"]
[Date "2017.11.12"]
[Round "4.5"]
[White "Hartmann, Valeri"]
[Black "Geerlings, Gerd"]
[Result "0-1"]
[WhiteElo "1893"]
[BlackElo "2035"]
[PlyCount "88"]
[EventDate "2017.09.10"]
[EventType "team-tourn"]
[EventRounds "11"]
[EventCountry "GER"]
[SourceTitle "EXT 2022"]
[Source "ChessBase"]
[SourceDate "2021.10.06"]
[SourceVersion "1"]
[SourceVersionDate "2021.10.06"]
[SourceQuality "1"]
[WhiteTeam "Erftstadt SV"]
[BlackTeam "Eschweiler SC"]
[WhiteTeamCountry "GER"]
[BlackTeamCountry "GER"]

1. Nf3 Nf6 2. c4 g6 3. d4 Bg7 4. Nc3 0-0 5. e4 d6 6. Be2 Nbd7 7. 0-0 e5 8. dxe5 dxe5 9. Qc2 c6 10. Rd1 Qc7 11. b3 Re8 12. Bb2 Nh5 13. g3 Nc5 14. Ba3 Bf8 15. Bc1 Bg4 16. Kg2 Ne6 17. Be3 Bg7 18. Rac1 Bxf3+ 19. Bxf3 Nd4 20. Bxd4 exd4 21. Ne2 c5 22. Bxh5 gxh5 23. Qd3 Qe5 24. Kf3 Bh6 25. Nf4 Qf6 26. Re1 Re5 27. Rc2 Kh8 28. Rcc1 Rg8 29. Rg1 Rg4 30. Qd2 Rxe4 31. Kxe4 Qg6+ 32. Kf3 Bxf4 33. Qxf4 Qc6+ 34. Ke2 Rxf4 35. gxf4 Qe4+ 36. Kf1 Qd3+ 37. Ke1 h4 38. Rd1 Qe4+ 39. Kf1 Qxf4 40. Re1 h5 41. Re8+ Kh7 42. Ke2 Qxh2 43. Reg8 Qe5+ 44. Kf1 d3 0-1

[Event "Mittelrhein Verbandsliga-W 15/16"]
[Site "Nordrheinwestfalen"]
[Date "2015.10.18"]
[Round "3.3"]
[White "Hartmann, Valeri"]
[Black "Horbach, Fabian"]
[Result "1/2-1/2"]
[WhiteElo "1890"]
[BlackElo "2006"]
[PlyCount "80"]
[EventDate "2015.09.06"]
[EventType "team-tourn"]
[EventRounds "11"]
[EventCountry "GER"]
[SourceTitle "EXT 2022"]
[Source "ChessBase"]
[SourceDate "2021.10.06"]
[SourceVersion "1"]
[SourceVersionDate "2021.10.06"]
[SourceQuality "1"]
[WhiteTeam "Erftstadt SV"]
[BlackTeam "Herzogenrath"]
[WhiteTeamCountry "GER"]
[BlackTeamCountry "GER"]

1. e4 c5 2. Nf3 e6 3. d4 cxd4 4. Nxd4 Bc5 5. Nb3 Bb6 6. Be2 Ne7 7. Nc3 0-0 8. Bg5 f5 9. Qd6 Nbc6 10. f3 fxe4 11. Nxe4 Bc7 12. Qd2 d5 13. Nec5 a5 14. Nd4 Nxd4 15. Qxd4 Bb6 16. Qc3 h6 17. Bxe7 Qxe7 18. Nd3 Bd7 19. Ne5 Rfc8 20. Qd2 a4 21. a3 Rc7 22. Nxd7 Qxd7 23. 0-0-0 Rac8 24. Bd3 Bc5 25. Qe2 Qd6 26. Rhe1 Re7 27. Qe5 Qxe5 28. Rxe5 Bd6 29. Rh5 Rec7 30. Rh4 Kf7 31. Rxa4 Bxh2 32. f4 Bg3 33. Rf1 Bh4 34. g4 Ke7 35. Rb4 Rd8 36. Rh1 Bf6 37. Re1 Rd6 38. Bg6 Rdc6 39. Rb5 Kd6 40. Re2 Rc4 1/2-1/2